000 00517nam a2200205Ia 4500
008 210210b2015 xxu||||| |||| 00| 0 eng d
020 _a9788184873924
041 _aeng
082 _a005.74 BHAD
100 _aBHATIA (Ashima Bhatnagar)
245 _aDatabase management system
260 _aNew Delhi
_bNarosa Publishing House
_c2015
300 _axiv,280
650 _asystem
650 _amanagement
650 _aDatabase
690 _aComputer Science
700 _aBANSAL (Vaibhav)
906 _a071932
999 _c121654
_d121654